00772nam a2200169 a 450000100100000000500170001000800410002702000150006804000250008324501540010826000400026230000210030250000420032370000480036595201720041399900170058500004024420201002034015.0130820s1974 sp a 000 0 spa d a842062084X aDO-SdBNPbspacBNPHU00aSemántica y sintaxis en la lingúística transformatoria :bcomienzos y centro de la polémica /ccompilación de Víctor Sánchez de Zavala. aMadrid :bAlianza Editorial,c1974. a532 p. ;c22 cm. aIncluye notas al pie de las páginas1 aSánchez de Zavala, Víctorecomp.966512 001050718MOaGRbGRcCTd2013-08-20iLF1l0o p40244-10r2020-06-25w2020-06-25y1zPerteneció a la biblioteca personal de Carlos Larrazabal BlancoZNo se presta c39734d39734